|
|
|
|
| LEADER |
00863nam a22002417a 4500 |
| 001 |
5795 |
| 003 |
BD-DhAAL |
| 008 |
151221s 2003ii a|||| b||| 001 0 eng d |
| 020 |
|
|
|a 0761998128
|
| 040 |
|
|
|a BD-DhAAL
|c BD-DhAAL
|
| 082 |
|
|
|a 658
|
| 100 |
|
|
|a Hari, T.N
|9 16886
|
| 245 |
|
|
|a Back to basics in management :
|b a critique of the fabled management mantras /
|c by T N Hari; Rupa Mahanty
|
| 260 |
|
|
|a New Dehli :
|b Response Books,
|c 2003
|
| 300 |
|
|
|a x, 207 p. :
|b ill. ;
|c 22 cm.
|
| 504 |
|
|
|6 Includes Bibliography and Index.
|
| 541 |
|
|
|e 5795
|
| 650 |
|
|
|a Management
|9 16887
|
| 650 |
|
|
|a Management
|x Philosophy.
|9 16888
|
| 700 |
|
|
|a Mahanty, Rupa
|9 16889
|
| 942 |
|
|
|2 ddc
|c BK
|
| 999 |
|
|
|c 36425
|d 36425
|
| 952 |
|
|
|0 0
|1 0
|2 ddc
|4 0
|6 658_000000000000000_HAR
|7 0
|9 57325
|a SCL
|b SCL
|c GEN
|d 2015-12-21
|g 470.00
|l 2
|m 12
|o 658 HAR
|p 3020005795
|r 2025-07-06
|s 2025-06-21
|t 1
|w 2015-12-21
|y BK
|